00977nam a2200229 a 450000100060000000300090000600800410001502000150005604000280007108200190009910000250011824500330014326000250017630000100020150502750021165000310048665000150051765000320053294200120056499900170057695201540059322952CO-ViMGA141112s2004 ck r 000 u spa d a9706865454 aCO-ViMGAbspacCO-ViMGA04a658.4092 D135e1 aDafl, Richard93298710aLa experiencia del liderazgo aMéxico : bThomson a700p. aQue significa ser lider, Rasgos Comportamientos y relaciones, Liderazgo en operacion, Desarrollo del liderazgo, Enfoques de contingencia, Liderazgo en operacion, El lider como individuo, Mente y corazon del liderazgo, Los seguidores, El lider como creador de relaciones14aADMINISTRACION DE PERSONAL14aLIDERAZGO 14aPSICOLOGIA APLICADA 954518 2ddccBK c31240d31240 00102ddc40708002aMEVIECARbMEVIECARd2015-12-04hVolumen. 1 | 15/nov/2009l0o658.4092 D135e p22952r2015-12-04 00:00:00tEj. 1w2015-12-04yBK